Jak posoudit finanční zdraví firmy

Na minha lista:
Detalhes bibliográficos
Autor principal: Blaha, Zdenek Sid
Outros Autores: Jindřichovská, Irena
Formato: Livro
Idioma:tcheco
Publicado em: Praha Management Press 2006
Edição:3. rozšíř. a dopln. vyd.
Assuntos:
Tags: Adicionar Tag
Sem tags, seja o primeiro a adicionar uma tag!

MARC

LEADER 00000nam$a2200000$$$4500
001 0053586
005 20240313133044.5
020 |a 80-7261-145-3 
041 0 |a cze 
044 |a CZ 
245 1 0 |a Jak posoudit finanční zdraví firmy  |c Zdenek Sid Blaha & Irena Jindřichovská 
250 |a 3. rozšíř. a dopln. vyd. 
264 1 |a Praha  |b Management Press  |c 2006 
300 |a 194 s. 
610 2 0 |a podnik 
610 2 0 |a firmy 
610 2 0 |a analýza finančná 
610 2 0 |a cykly výrobné 
610 2 0 |a fondy podnikové 
610 2 0 |a výkazy účtovné 
610 2 0 |a analýza fundamentálna 
610 2 0 |a riziko podnikateľské 
610 2 0 |a riziko finančné 
610 2 0 |a projektovanie finančné 
610 2 0 |a štúdie pracovné 
610 2 0 |a výkazy finančné 
100 1 |a Blaha, Zdenek Sid 
700 1 |a Jindřichovská, Irena